Μυθολογίες βίας και καταστολής
Saved in:
| Main Author: | |
|---|---|
| Format: | Book |
| Language: | Greek |
| Published: |
Αθήνα :
Παπαζήσης,
1989
|
| Subjects: | |
| Tags: |
Add Tag
No Tags, Be the first to tag this record!
|
MARC
| LEADER | 00000nam a2200000 i 4500 | ||
|---|---|---|---|
| 001 | 1/89132 | ||
| 008 | 960923s1989 gre d | ||
| 035 | |a 1990 |b 2 |c Ναζίρη |l 10035672 | ||
| 040 | |a GR-MY-UA |b gre |e aacr | ||
| 041 | 0 | |a gre | |
| 082 | 0 | |a 303.6 | |
| 100 | 1 | |a Τσαλίκογλου, Φωτεινή. | |
| 245 | 1 | 0 | |a Μυθολογίες βίας και καταστολής / |c Φωτεινή Τσαλίκογλου |
| 260 | |a Αθήνα : |b Παπαζήσης, |c 1989 | ||
| 300 | |a 253 σ. | ||
| 650 | 0 | 0 | |a Violence. |
| 852 | |a INST |b RHODES |e 19960923 |h 303.6 ΤΣΑ |p 005400007938 |q 005400007938 |t BK |y 0 | ||
| 909 | |a Ρ |b 017833 |c 1990 | ||
| 970 | |z 2000/07/ΚΑΤΕΡΙΝΑ | ||